000 00539nam a2200145Ia 4500
008 250103s2023 xx 000 0 und d
020 _a978-3-031-11629-2
022 _a2194-8453
041 _aeng
100 _aMarkus Aarnio
245 _aCruise Ship Handbook
260 _bSpringer International Publishing
_c2023
440 _vSpringer Series on Naval Architecture, Marine Engineering, Shipbuilding and Shipping
856 _uhttps://link.springer.com/openurl?genre=book&isbn=978-3-031-11629-2
_zhttps://doi.org/10.1007/978-3-031-11629-2
999 _c12733
_d12733